00325nam a2200145Ia 450000500170000000800410001704000190005804100120007708200160008924500200010526000240012530000100014965000100015985000100016920240821093619.0131103s9999 xx 000 0 und d aLoreto College aEnglish a891.43bNUT aNutan barnamala aDelhibNutanc[19?] a pic. aHindi aLCBED